De quel manga/anime est-t-il le personnage principal ? - Statistiques

Statistiques générales
  • Ce quiz a été pris 78 fois
  • Le résultat moyen est 12 sur 14
Statistiques - réponses
Par images Réponse % Correct
Naruto
100%
One Piece
98%
Boruto
97%
Death Note
97%
My Hero Academia
95%
Pokémon
95%
Bleach
94%
Dragon Ball
94%
L'Attaque Des Titans
88%
Jujutsu Kaisen
86%
Blue Lock
82%
Seven Deadly Sins
79%
Assassination classroom
77%
Gachiakuta
26%
Aucun quiz correspondant
Distribution des résultats
% des personnes avec chaque résultat
Percentile par nombre de réponses
Votre historique - résultats
Vous n’avez pas pris ce quiz